[Event "Hauts de Seine-ch"]
[Site "Clichy"]
[Date "2010.05.21"]
[Round "?"]
[White "Sudre, Christophe"]
[Black "Voituron, Francois"]
[Result "1-0"]
[WhiteElo "2150"]
[BlackElo "1672"]
[PlyCount "85"]
[EventDate "2010.05.21"]
[EventType "swiss"]
[EventRounds "5"]
[EventCountry "FRA"]
[SourceTitle "EXT 2011"]
[Source "ChessBase"]
[SourceDate "2010.11.26"]
[SourceVersion "1"]
[SourceVersionDate "2010.11.26"]
[SourceQuality "1"]

1. e4 d5 2. exd5 Qxd5 3. d4 Nc6 4. Nf3 Bg4 5. Be2 0-0-0 6. c3 f6 7. 0-0 g5 8. Nbd2 Bf5 9. Nc4 Be4 10. Ne3 Qf7 11. Nd2 Bg6 12. Bf3 Qe8 13. Qa4 Nxd4 14. Qxa7 Nxf3+ 15. Nxf3 c6 16. a4 e6 17. Nc4 Bd3 18. Qa8+ Kc7 19. Qa5+ Kb8 20. Rd1 Rd5 21. Qb6 Bxc4 22. Be3 Ba6 23. b4 Ne7 24. Qa7+ Kc8 25. c4 Nf5 26. cxd5 exd5 27. b5 Nxe3 28. fxe3 cxb5 29. Qa8+ Kd7 30. Rxd5+ Bd6 31. Qxe8+ Rxe8 32. axb5 Ke6 33. Rxd6+ Kxd6 34. bxa6 bxa6 35. Rxa6+ Kd5 36. Kf2 Rf8 37. Ke2 h5 38. Kd3 h4 39. h3 Rf7 40. Ra5+ Kd6 41. Nd4 Rf8 42. Ra6+ Ke5 43. Re6+ 1-0